| 000 | 00474 a2200121 4500 | ||
|---|---|---|---|
| 020 | _a0071430571 (acid-free paper) | ||
| 082 | _a693.522 PAN | ||
| 100 | _aPanushev, Ivan S. | ||
| 245 |
_aInsulating concrete forms construction : _bdemand, evaluation, and technical practice / _cIvan S. Panushev, Pieter A. VanderWerf. |
||
| 260 |
_aNew York : _bMcGraw-Hill, _c2004. |
||
| 300 |
_axviii, 206 p. : _bill. ; _c25 cm. |
||
| 650 |
_aConcrete houses _xDesign and construction. |
||
| 650 | _aInsulating concrete forms. | ||
| 999 |
_c1816 _d1816 |
||